[Event "Challenge"]
[Site "http://www.queenalice.com/game.php?id=1176806"]
[Date "2013.4.30"]
[Round "-"]
[White "sondinho"]
[Black "rapfir"]
[Result "0-1"]
[WhiteElo "921"]
[BlackElo "1442"]

1. e4 e5 2. Nf3 Nc6 3. Nc3 d6 4. Bb5 a6 5. Bxc6+ bxc6 6. d3 Bg4 7. Bg5 f6 8. Nh4
Bxd1 9. Nxd1 fxg5 10. Nf5 g6 11. Nfe3 d5 12. f3 d4 13. Nc4 Bg7 14. Na5 Qd6 15.
Nb7 Qb4+ 16. c3 dxc3 17. a3 Qxb7 18. Nxc3 Qxb2 19. Rb1 Qxc3+ 20. Kf2 Ne7 21. Rb6
Qd4+ 22. Ke2 Qxb6 23. Rc1 Qb2+ 24. Kd1 Qxg2 25. Rc5 Qg1+ 26. Kc2 Qxc5+ 27. Kd2
Qxa3 28. Ke3 Bh6 29. h3 g4+ 30. Kf2 Qxd3 31. hxg4 Rf8 32. Kg3 Qxf3+ 33. Kh4 g5+
34. Kh5 Qh3# 0-1

[Event "OS INCLIVEIS"]
[Site "http://www.queenalice.com/game.php?id=1183277"]
[Date "2013.5.21"]
[Round "-"]
[White "adelio"]
[Black "sondinho"]
[Result "1-0"]
[WhiteElo "1724"]
[BlackElo "921"]

1. d4 d5 2. e4 dxe4 3. Nc3 Nc6 4. Be3 Nf6 5. f3 Bf5 6. g4 Be6 7. h4 Nb4 8. h5
Qd6 9. Bf2 g5 10. hxg6 fxg6 11. a3 Nc6 12. b4 Bh6 13. Rxh6 exf3 14. Nxf3 Nxg4
15. Rh4 1-0

[Event "Challenge"]
[Site "http://www.queenalice.com/game.php?id=1187388"]
[Date "2013.6.3"]
[Round "-"]
[White "sondinho"]
[Black "FrancisJP2012"]
[Result "0-1"]
[WhiteElo "921"]
[BlackElo "1489"]

1. e4 e5 2. Bb5 Nf6 3. Nc3 c6 4. Ba4 b5 5. Bxb5 a6 6. Bc4 d6 7. Nf3 d5 8. exd5
Qb6 9. Nxe5 Bd6 10. Nf3 O-O 11. Ng5 h6 12. Nf3 g5 13. d3 Nbd7 14. Be3 c5 15. Na4
Qa5+ 16. Nc3 Re8 17. d4 g4 18. Nh4 Ne4 19. Qxg4+ Ng5 20. Qf4 Bxf4 21. Nf5 cxd4
22. Nxh6+ Kg7 23. Nf5+ Kf8 24. O-O dxe3 25. Rab1 Nc5 26. b4 Qa3 27. Rb3 Nxb3 28.
cxb3 Bxf5 29. h4 e2 30. Bxe2 Qb2 31. Na4 Qxe2 32. Nc3 Qd3 33. Nd1 Qxd5 34. hxg5
Bxg5 35. Nc3 Qe5 36. Rd1 Qxc3 37. Rd5 Bf4 38. Rxf5 Re1# 0-1

[Event "Challenge"]
[Site "http://www.queenalice.com/game.php?id=1195024"]
[Date "2013.6.28"]
[Round "-"]
[White "HerbertPaulo"]
[Black "sondinho"]
[Result "0-1"]
[WhiteElo "1460"]
[BlackElo "921"]

1. d4 d5 2. Nc3 Nc6 3. Nf3 Bg4 4. e3 Nf6 5. Be2 e6 6. O-O Bb4 7. Bd2 h5 8. Ne5
Ne4 9. f3 Nf6 10. fxg4 g6 11. Nxf7 Kxf7 12. g5 Bxc3 13. Bxc3 Qe7 0-1

[Event "Challenge"]
[Site "http://www.queenalice.com/game.php?id=1204376"]
[Date "2013.8.1"]
[Round "-"]
[White "sondinho"]
[Black "FrancisJP2012"]
[Result "0-1"]
[WhiteElo "921"]
[BlackElo "1476"]

1. e4 d5 2. exd5 Qxd5 3. c4 Qe5+ 4. Be2 c5 5. Qa4+ Bd7 6. Qa5 b6 7. Qa6 Nxa6 8.
Nf3 Qf6 9. Nc3 e5 10. Nd5 Qg6 11. Nxe5 Qd6 12. d4 cxd4 13. Bh5 Qxe5+ 14. Ne3
Bb4+ 15. Ke2 Qxh5+ 16. f3 dxe3 17. Bxe3 Nf6 18. Rad1 O-O 19. Rd6 Bxd6 20. Rd1
Bc5 21. Rxd7 Nxd7 22. g4 Qxh2+ 23. Kd3 Qxb2 24. Bg5 Nb4+ 25. Ke4 Rae8+ 26. Kf5
Re5+ 27. Kf4 Nd3+ 28. Kg3 Rxg5 29. f4 Qf2+ 30. Kh3 Nxf4# 0-1

[Event "Challenge"]
[Site "http://www.queenalice.com/game.php?id=1204400"]
[Date "2013.8.1"]
[Round "-"]
[White "sondinho"]
[Black "WBSXadrez"]
[Result "0-1"]
[WhiteElo "921"]
[BlackElo "1631"]

1. e4 d5 2. Bb5+ c6 3. Ba4 b5 4. Nc3 bxa4 5. d3 Qa5 6. Qd2 d4 7. b4 Qxb4 8. Nf3
dxc3 9. Qf4 e6 10. Ne5 f6 11. Nxc6 Nxc6 12. Qc7 Qd6 13. Qxd6 Bxd6 14. O-O Nd4
15. Be3 Nxc2 16. Bd4 Nxd4 17. Rab1 Nh6 18. Rb4 Bxb4 19. Rb1 a5 20. Rc1 Ne2+ 21.
Kf1 Nxc1 22. f3 Nxa2 23. Ke1 c2+ 24. Ke2 c1=Q 25. h4 Qe1# 0-1

[Event "Challenge"]
[Site "http://www.queenalice.com/game.php?id=1220928"]
[Date "2013.9.29"]
[Round "-"]
[White "sondinho"]
[Black "Noraldino"]
[Result "0-1"]
[WhiteElo "921"]
[BlackElo "1632"]

1. e4 e5 2. Nf3 Nc6 3. Bb5 a6 4. Bxc6 dxc6 5. Nxe5 Qg5 6. d4 Qxg2 7. Ke2 Qxe4+
8. Be3 f6 9. Nc4 Bg4+ 10. f3 Bxf3+ 11. Kd2 Bxd1 12. Rxd1 Qg2+ 13. Kd3 O-O-O 14.
Rd2 Qg6+ 15. Kc3 b5 16. d5 cxd5 17. Na5 b4+ 18. Kb3 c5 19. Nc6 c4+ 20. Ka4 Qe8
21. Ka5 Qxc6 22. Rd4 Qb5# 0-1

[Event "Challenge"]
[Site "http://www.queenalice.com/game.php?id=1223525"]
[Date "2013.10.10"]
[Round "-"]
[White "hba111"]
[Black "sondinho"]
[Result "1-0"]
[WhiteElo "2831"]
[BlackElo "921"]

1. e4 e5 2. Nf3 Nf6 3. Nxe5 Nxe4 4. Qe2 Qh4 5. d3 Nf6 6. Nf3+ Ne4 7. Nxh4 Bb4+
8. c3 d5 9. cxb4 Be6 10. dxe4 Nc6 11. exd5 Nxb4 12. dxe6 O-O 13. Nf5 fxe6 14.
Qxe6+ Rf7 15. Nh6+ gxh6 16. Bc4 Rf8 17. Bxh6 Nc2+ 18. Kd2 Nxa1 19. Qf6 Rd8+ 20.
Qxd8# 1-0

[Event "Challenge"]
[Site "http://www.queenalice.com/game.php?id=1228818"]
[Date "2013.10.31"]
[Round "-"]
[White "hba111"]
[Black "sondinho"]
[Result "1-0"]
[WhiteElo "2854"]
[BlackElo "921"]

1. e4 e5 2. Nf3 Nc6 3. Bc4 Bb4 4. c3 Qh4 5. Nxh4 Nf6 6. cxb4 Nxe4 7. Qg4 Nf6 8.
Qxg7 Nxb4 9. Bxf7+ Ke7 10. Nf5+ Kd8 11. Qxf6# 1-0

[Event "Challenge"]
[Site "http://www.queenalice.com/game.php?id=1228819"]
[Date "2013.10.31"]
[Round "-"]
[White "sondinho"]
[Black "hba111"]
[Result "0-1"]
[WhiteElo "921"]
[BlackElo "2871"]

1. e4 c5 2. Qh5 e6 3. Bb5 a6 4. Ba4 b5 5. Nc3 bxa4 6. Nxa4 Nf6 7. Qe2 Bb7 8.
Nxc5 Bxc5 9. Nf3 Bxe4 10. d3 Bg6 11. Qe5 Bxf2+ 12. Kxf2 Ng4+ 13. Kg3 Nxe5 14.
Nxe5 f6 15. Nf3 Nc6 16. Bf4 Qb6 0-1

[Event "OS INCLIVEIS"]
[Site "http://www.queenalice.com/game.php?id=1229057"]
[Date "2013.11.1"]
[Round "-"]
[White "adelio"]
[Black "sondinho"]
[Result "1-0"]
[WhiteElo "1782"]
[BlackElo "921"]

1. d4 d5 2. e4 Nc6 3. e5 Nxd4 4. Qxd4 c6 5. Nc3 Qa5 6. b4 c5 7. Qxc5 Qxc5 8.
bxc5 e6 9. Be3 h5 10. Rb1 f5 11. Nb5 Kd7 12. Nd6 Bxd6 13. cxd6 Nh6 14. Bb5+ Kd8
15. Bg5# 1-0

[Event "Challenge"]
[Site "http://www.queenalice.com/game.php?id=1229061"]
[Date "2013.11.1"]
[Round "-"]
[White "sondinho"]
[Black "FrancisJP2012"]
[Result "0-1"]
[WhiteElo "921"]
[BlackElo "1468"]

1. e4 e5 2. Nc3 Nf6 3. Bb5 c6 4. d4 cxb5 5. dxe5 Ng8 6. Nxb5 Bb4+ 7. c3 Ba5 8.
Nd6+ Ke7 9. Bg5+ f6 10. Qg4 h5 11. Qf5 Nc6 12. Bxf6+ Nxf6 13. Qg6 Rg8 14. Nf7
Qf8 15. exf6+ gxf6 16. Qxh5 Qxf7 17. Qc5+ Kd8 18. Nf3 Re8 19. O-O-O Qxa2 20. e5
fxe5 21. Ng5 b6 22. Qd6 Ba6 23. Nf7+ Qxf7 24. Rhf1 Bxf1 25. Rxf1 b5 26. b4 Bc7
27. Qc5 e4 28. Qxb5 Qa2 29. Qg5+ Ne7 30. Qg4 d5 31. Re1 Qxf2 32. Qd1 Bf4+ 33.
Kb1 a5 34. g3 Rh8 35. gxf4 Qxf4 36. Qa4 Rxh2 37. bxa5 Qd2 38. Rd1 Qb2# 0-1

[Event "Challenge"]
[Site "http://www.queenalice.com/game.php?id=1237031"]
[Date "2013.12.2"]
[Round "-"]
[White "hba111"]
[Black "sondinho"]
[Result "1-0"]
[WhiteElo "2889"]
[BlackElo "921"]

1. e4 e5 2. Nf3 Bb4 3. c3 Ba5 4. Nxe5 Qf6 5. d4 d6 6. Nc4 Nc6 7. Qa4 Qf5 8. exf5
Bxf5 9. d5 Bxb1 10. Rxb1 Nf6 11. dxc6 O-O-O 12. cxb7+ Kxb7 13. Nxa5+ Kb6 14.
Qb5# 1-0

[Event "Challenge"]
[Site "http://www.queenalice.com/game.php?id=1237032"]
[Date "2013.12.2"]
[Round "-"]
[White "sondinho"]
[Black "hba111"]
[Result "0-1"]
[WhiteElo "921"]
[BlackElo "2890"]

1. e4 e5 2. Bb5 a6 3. Ba4 Nf6 4. Nf3 Nxe4 5. Nxe5 Nc5 6. Qh5 g6 7. Qh4 Qxh4 8.
Bxd7+ Nbxd7 9. Nxd7 Qe4+ 10. Kd1 Qg4+ 11. f3 Qxg2 12. Nxc5 Qxh1+ 13. Ke2 Bxc5
14. Nc3 Qg2+ 15. Kd3 Qxf3+ 16. Kc4 Qf4+ 17. Kxc5 b6+ 18. Kc6 Qd6# 0-1

[Event "Challenge"]
[Site "http://www.queenalice.com/game.php?id=1240219"]
[Date "2013.12.15"]
[Round "-"]
[White "sondinho"]
[Black "adriana_p"]
[Result "0-1"]
[WhiteElo "921"]
[BlackElo "1538"]

1. e4 e5 2. Nc3 c6 3. Nf3 Qf6 4. Bc4 b5 5. Bb3 Na6 6. d4 exd4 7. Nxd4 Bc5 8. Be3
b4 9. Na4 Qe5 10. Qg4 Bxd4 11. Qxg7 Qxg7 12. O-O-O Bxe3+ 13. fxe3 Qxg2 14. Rdg1
Qxe4 15. c3 Qxe3+ 16. Kb1 bxc3 17. Re1 Qe7 18. Rxe7+ Nxe7 19. bxc3 h5 20. Bc4 h4
21. Bxa6 Bxa6 22. Nc5 Bc8 23. Re1 d6 24. Ne4 h3 25. Nxd6+ Kd8 26. Nxf7+ Ke8 27.
Nxh8 Kd7 28. Rd1+ Nd5 29. c4 Ba6 30. cxd5 Rxh8 31. a4 c5 32. Rc1 Kd6 33. Rf1
Bxf1 34. Kc1 Kxd5 35. Kd1 Rg8 36. Ke1 Rf8 37. a5 Bc4 38. Kd2 Rf2+ 39. Ke3 Rxh2
40. Kf3 Rh1 41. Kg3 Kd4 42. Kf4 h2 43. Kf5 Ra1 44. Kf6 h1=Q 45. Ke7 Qh7+ 46. Kd6
Rxa5 47. Kc6 Ra6# 0-1

[Event "Challenge"]
[Site "http://www.queenalice.com/game.php?id=1245473"]
[Date "2014.1.4"]
[Round "-"]
[White "sondinho"]
[Black "adriana_p"]
[Result "0-1"]
[WhiteElo "921"]
[BlackElo "1480"]

1. d4 e6 2. Bg5 f6 3. Bh4 g5 4. Bg3 Nh6 5. c4 Bb4+ 6. Nd2 Nc6 7. Nf3 d5 8. Qa4
Bd7 9. e3 dxc4 10. Bxc4 Bxd2+ 11. Nxd2 Nxd4 12. Qb4 Nc2+ 13. Ke2 Nxb4 14. Bxc7
Qxc7 15. Rac1 Qe5 16. f4 Qxb2 17. Rc3 Qxc3 18. fxg5 fxg5 19. a3 Qxa3 20. Bxe6
Bxe6 21. Ra1 Qxa1 22. Nb1 Qxb1 23. g4 Bxg4+ 24. Kf2 Rf8+ 25. Kg3 Qg1# 0-1

[Event "Challenge"]
[Site "http://www.queenalice.com/game.php?id=1251717"]
[Date "2014.1.27"]
[Round "-"]
[White "sondinho"]
[Black "adelio"]
[Result "0-1"]
[WhiteElo "921"]
[BlackElo "1804"]

1. e4 e5 2. Nf3 f6 3. Nc3 c5 4. d3 Nc6 5. Nh4 g6 6. Nd5 d6 7. b3 Nd4 8. Ba3 Ne6
9. Qg4 Nf4 10. Qe2 Nxe2 11. Bxe2 Be6 12. Nc3 Qe7 13. d4 a6 14. O-O-O cxd4 15.
Na4 Qc7 16. Rhf1 Rc8 17. Bc4 Bxc4 18. bxc4 b5 19. Nb2 bxc4 20. f4 Qa5 21. fxe5
Qxa3 22. exf6 c3 23. Rxd4 Qxb2+ 24. Kd1 Qb1+ 25. Ke2 Qxc2+ 26. Kf3 Qxa2 27. Rc1
Nxf6 28. Rxc3 Rxc3+ 29. Kf4 Bh6# 0-1

[Event "Challenge"]
[Site "http://www.queenalice.com/game.php?id=1277273"]
[Date "2014.4.29"]
[Round "-"]
[White "sondinho"]
[Black "FrancisJP2012"]
[Result "0-1"]
[WhiteElo "943"]
[BlackElo "1468"]

1. e4 e5 2. Bb5 Bc5 3. Nf3 Nf6 4. Nc3 O-O 5. Nxe5 c6 6. Ba4 d6 7. Nc4 d5 8. exd5
Nxd5 9. d3 b5 10. Bf4 Nxf4 11. Ne5 Qd4 12. Nf3 Qxf2# 0-1

[Event "Challenge"]
[Site "http://www.queenalice.com/game.php?id=1330966"]
[Date "2014.12.27"]
[Round "-"]
[White "sondinho"]
[Black "fenix40rj"]
[Result "1-0"]
[WhiteElo "941"]
[BlackElo "1409"]

1. f4 Nc6 2. Nc3 Nf6 3. e4 d6 4. Bb5 Bd7 5. Nf3 a6 6. Bxc6 Bxc6 7. d3 e6 8. Be3
d5 9. Ne5 Qe7 10. g4 h5 11. g5 Ng4 12. Qd2 Qb4 13. a3 Qxb2 14. Ra2 Qxa3 15. Rxa3
Bxa3 16. h3 Nxe5 17. fxe5 O-O-O 18. O-O d4 19. Nb1 dxe3 20. Qxe3 Be7 21. Rxf7
Bf8 22. Qa7 1-0